000 00841nam a2200253 a 4500
001 58438
003 BD-RjUL
005 20211209080623.0
008 161219s1991 miua bs s000 0 eng
020 _a0472101978 (cloth : alk. paper)
020 _a0472081551 (paper : alk. paper)
035 _a(BD-RjUL) 58562
040 _aDLC
_cDLC
_dBD-RjUL
_beng
041 _aeng
082 0 0 _a338.952
_223
_bTAC 1991
100 1 _aTakenaka, Heizo
_9174698
245 1 0 _aContemporary Japanese economy and economic policy /
_cHeizo Takenaka.
260 _aAnn Arbor :
_bUniversity of Michigan Press,
_cc1991.
300 _aviii, 208 p. :
_bill. ;
_c24 cm.
504 _aIncludes bibliographical references (p. 203-208).
651 0 _aJapan
_xEconomic conditions
_y1989-
_9172640
651 0 _aJapan
_xEconomic policy
_y1989-
_9174699
942 _2ddc
_cBK
999 _c58438
_d58438